00721nam a2200169Ia 4500008004100000040001600041041001200057082001900069100001900088245022600107250001200333260002500345300001900370942000700389952013800396999001700534230917s9999||||xx |||||||||||||| ||und|| e79272aMAIN aEnglish a343.0944 C393B aChaudhuri, B N 0aVehicles act, 1988: 59 of 1988 B N Chaudhury's the motor with central rules, central notification, state amendments and state accident claims tribunals rules along with comparative chart of old and new acts and rice versa a8th ed. aAllahabadbLawc1990 axciii, 1266 p. cBK 0010406343_094400000000000_C393B709106846aMAINbMAINd2003-03-07l0o343.0944 C393Bp140576r2023-09-17 20:53:22w2023-09-17yBK c67733d67733